000
00220 a2200097 4500
001
62882
090
_c
37239
_d
37239
100
_a
Golub, G.H
245
_a
Matrix Computation
260
_a
London
_b
John Hopkins University Press
_c
1989
942
_a
NUST-CAE
999
_c
297955
_d
297955